Oversight of TARP assistance to the automobile industry : field hearing before the Congressional Oversight Panel, One Hundred Eleventh Congress, first session, hearing held in Detroit, Michigan, July 27, 2009.

Bibliographic Details
Corporate Author: United States. Congressional Oversight Panel
Format: Government Document eBook
Language:English
Published: Washington : U.S. G.P.O., 2009.
Series:S. hrg. ; 111-103
Subjects:
Online Access:Electronic resource (PDF)

MARC

Tag First Indicator Second Indicator Subfields
LEADER 00000cam a22000001a 4500
001 in00004100709
005 20200117091345.0
006 m d f
007 cr bn mmmapmmp
008 091105s2009 dcua ob f000 0 eng d
035 |a chdc201000949 
040 |a UMI  |c UMI  |d UtOrBLW 
042 |a pcc 
043 |a n-us--- 
074 |a 1089 
086 0 |a Y 3.2:C 76/3/AU 8/2  |z Y 3.2:C 73/3/AU 8/2 
086 0 |a Y 3.2: C 76/3/AU 8/2 
110 1 |a United States.  |b Congressional Oversight Panel.  |0 http://id.loc.gov/authorities/names/no2008183506 
245 1 0 |a Oversight of TARP assistance to the automobile industry :  |b field hearing before the Congressional Oversight Panel, One Hundred Eleventh Congress, first session, hearing held in Detroit, Michigan, July 27, 2009. 
264 1 |a Washington :  |b U.S. G.P.O.,  |c 2009. 
264 2 |a Washington :  |b For sale by the Supt. of Docs., U.S. G.P.O. 
300 |a iii, 150 pages :  |b illustrations, digital, PDF file. 
336 |a text  |b txt  |2 rdacontent 
337 |a computer  |b c  |2 rdamedia 
338 |a online resource  |b cr  |2 rdacarrier 
490 1 |a S. hrg. ;  |v 111-103 
500 |a Shipping list number: 2010-0047-P. 
504 |a Includes bibliographical references. 
500 |a Record is based on bibliographic data in ProQuest Congressional Hearings Digital Collection. Reuse except for individual research requires license from ProQuest, LLC. 
500 |a Electronic resource. 
533 |a Electronic reproduction.  |b [Bethesda, Md.] :  |c ProQuest,  |d 2010.  |e digital, PDF file.  |n ProQuest U.S. Congressional Hearings Digital Collection.  |n Mode of access: World Wide Web via ProQuest website. 
538 |a System requirements: PDF reader software. 
610 2 0 |a General Motors Corporation  |x Finance. 
610 2 0 |a Chrysler Corporation  |x Finance. 
610 2 0 |a Troubled Asset Relief Program (U.S.)  |0 http://id.loc.gov/authorities/names/no2008183976 
650 0 |a Automobile industry and trade  |z United States  |x Finance. 
650 0 |a Corporate reorganizations  |z United States.  |0 http://id.loc.gov/authorities/subjects/sh2008101581 
650 0 |a Debt financing (Corporations)  |z United States. 
650 0 |a Government lending  |z United States.  |0 http://id.loc.gov/authorities/subjects/sh2008105361 
650 0 |a Economic stabilization  |z United States. 
776 0 8 |i Print version:   |a United States. Congressional Oversight Panel.  |t Oversight of TARP assistance to the automobile industry  |w 9780160845970  |w 0160845971  |w (OCoLC)ocn463490796  |z 2009438931 
776 0 8 |i Microfiche version:   |a United States. Congressional Oversight Panel.  |t Oversight of TARP assistance to the automobile industry  |d [Bethesda, Md.] : ProQuest,[2010]  |o CIS 2010 J891-20  |w (ProQuest)cis01001842  
810 1 |a United States.  |b Congress.  |b Senate.  |t S. hrg. ;  |v 111-103.  |0 http://id.loc.gov/authorities/names/n83707917 
856 4 0 |u http://proxy.library.tamu.edu/login?url=http://search.proquest.com/congcomp/getdoc?HEARING-ID=HRG-2009-COP-0011  |y Electronic resource (PDF)  |t 0 
998 |a cis01001842  
999 f f |s dc718aaf-a517-369c-92a6-5833c2a5b812  |i bb44465a-b6b6-3753-ac1c-3cc16068e24d  |t 0 
952 f f |a Texas A&M University  |b College Station  |c Electronic Resources  |d Available Online  |t 0  |e Y 3.2: C 76/3/AU 8/2  |h Superintendent of Documents classification 
998 f f |a Y 3.2: C 76/3/AU 8/2  |t 0  |l Available Online